|
|
|
|
| LEADER |
00991nam a2200301 a 4500 |
| 001 |
c000354273 |
| 003 |
CARM |
| 005 |
20000912200938.0 |
| 008 |
710312s1970 enk b 001 0 eng |
| 010 |
|
|
|a 79541059
|
| 015 |
|
|
|a B70-27504
|
| 019 |
1 |
|
|a 112547
|5 LACONCORD2021
|
| 020 |
|
|
|a 0713411147
|
| 035 |
|
|
|a (OCoLC)127088
|5 LACONCORD2021
|
| 040 |
|
|
|a LC
|b eng
|c LC
|
| 043 |
|
|
|a e-uk---
|
| 050 |
|
4 |
|a HN385
|b .G615
|
| 050 |
0 |
0 |
|a HN385
|b .G615
|
| 082 |
0 |
4 |
|a 361.6/0942
|
| 100 |
1 |
|
|a Gilbert, Bentley B.,
|d 1924-
|
| 245 |
1 |
0 |
|a British social policy, 1914-1939
|c [by] Bentley B. Gilbert.
|
| 260 |
|
|
|a London,
|b Batsford,
|c 1970.
|
| 300 |
|
|
|a viii, 343 p.
|c 23 cm.
|
| 504 |
|
|
|a Bibliography: p. [325]-336.
|
| 651 |
|
0 |
|a Great Britain
|x Social policy.
|
| 852 |
8 |
|
|b CARM
|h A1:AM15B0
|i B09459
|p 0430025
|f BK
|
| 999 |
f |
f |
|i 0ebaf87e-2659-5ef2-a98d-09f0c82f3dcb
|s e64b6f4f-5370-58ab-adfa-3bc9ce923a63
|
| 952 |
f |
f |
|p Can circulate
|a CAVAL
|b CAVAL
|c CAVAL
|d CARM 1 Store
|e B09459
|f A1:AM15B0
|h Other scheme
|i book
|m 0430025
|